000 00708nam a2200289Ia 4500
005 20260324122207.0
008 008 260324s9999 xx 000 0 eng d
020 _a9780203082423
037 _aEBOOK
040 _aCRL
040 _beng
040 _cCRL
041 _2eng
041 _aeng
084 _qCRL
100 _aChristopher Wightwick; Jemma Buck
_91165492
245 0 _aTeaching and Learning Languages
245 2 _bA practical guide to learning by doing
260 _bTaylor and Francis
260 _c2013
365 _a
365 _b230
856 _uhttp://www.taylorfrancis.com/books/9780203082423
942 _cEBOOK
999 _c1758041
_d1758041